Szczegóły MARC21

Niemiecki : szybki trening słownictwa /

001 -Numer kontrolny rekordu [,]
    • @
    • Numer kontrolny rekordu
    • xx002003614
003 -Nazwa instytucji [,]
    • @
    • Nazwa instytucji, której n kontrolny jest w polu 001
    • NUKAT
005 -DATA I CZAS OSTATNIEJ MODYFIKACJI [,]
    • @
    • pole kontrolne
    • 20241231114006.0
007 -Forma fizyczna dokumentu elektronicznego [,]
    • @
    • Pole danych kontrolnych
    • sd fsngnn|||ed
008 -ELEMENTY DANYCH STAŁEJ DŁUGOŚCI [,]
    • @
    • pole kontrolne
    • 110308s2010 pl nnnng j n ger c
028 - [1,1]
    • a
    • Oznaczenie katalogowe
    • 0803977806
    • b
    • Nazwa wydawcy
    • GM Records
942 -Rodzaj dokumentu [ , ]
    • c
    • Rodzaj dokumentu
    • Dokument elektroniczny
020 -Międzynarodowy znormalizowany numer Książki - ISBN [ , ]
    • a
    • Numer ISBN
    • 9788374768115 Find
040 -Instytucja sporządzająca opis [ , ]
    • a
    • Instytucja, która sporządziła opis (NP)
    • KR U/SM
    • c
    • Instytucja, która sporządziła rekord (NP)
    • KR U/SM
    • d
    • Instytucja, która zmodyfikowała rekord (P)
    • KR U/SMs
100 -Hasło główne - nazwa osobowa [1, ]
    • a
    • Nazwa osobowa (NP)
    • Bartków, Klaudia. Find
    • 9
    • KHW
    • 631480
245 -Strefa tytułu i oznaczenia odpowiedzialności [1,0]
    • a
    • Tytuł
    • Niemiecki : Find
    • b
    • Ciąg dalszy tytułu (NP)
    • szybki trening słownictwa /
    • c
    • Pozostałe elementy strefy tytułu i oznaczenia odpowiedzialności (NP)
    • [aut. oryg. Klaudia Bartków, Aneta Białek, Magdalena Sasorska].
246 -Wariant tytułu [1, ]
    • i
    • TeDEt wyświetlany na ekranie monitora (NP)
    • Tyt. oryg.:
    • a
    • Tytuł (NP)
    • Współczesne rozmówki :
    • b
    • Ciąg dalszy tytułu (NP)
    • język niemiecki
260 -Strefa adresu wydawniczego [ , ]
    • a
    • Miejsce wydania (P)
    • Warszawa :
    • b
    • Nazwa wydawcy (P)
    • Langenscheidt Polska,
    • c
    • Data wydania (P)
    • cop. 2010.
700 -Hasło dodatkowe - nazwa osobowa [1, ]
    • a
    • Nazwa osobowa (NP)
    • Białek, Aneta. Find
    • 9
    • KHW
    • 631294
700 -Hasło dodatkowe - nazwa osobowa [1, ]
    • a
    • Nazwa osobowa (NP)
    • Sasorska, Magdalena. Find
    • 9
    • KHW
    • 629120
700 -Hasło dodatkowe - nazwa osobowa [1, ]
    • a
    • Nazwa osobowa (NP)
    • Drewno, Agnieszka. Find
    • e
    • Określenie rodzaju współpracy (NP)
    • Reż. nagr.
    • 9
    • KHW
    • 629109
700 -Hasło dodatkowe - nazwa osobowa [1, ]
    • a
    • Nazwa osobowa (NP)
    • Nierubiec, Marcin. Find
    • e
    • Określenie rodzaju współpracy (NP)
    • Aranż.
    • 9
    • KHW
    • 629108
700 -Hasło dodatkowe - nazwa osobowa [1, ]
    • a
    • Nazwa osobowa (NP)
    • Graumann, Rebecca. Find
    • e
    • Określenie rodzaju współpracy (NP)
    • Lekt.
    • 9
    • KHW
    • 631482
700 -Hasło dodatkowe - nazwa osobowa [1, ]
    • a
    • Nazwa osobowa (NP)
    • Boosen, Christian. Find
    • e
    • Określenie rodzaju współpracy (NP)
    • Lekt.
    • 9
    • KHW
    • 631481
920 -ISBN [ , ]
    • a
    • ISBN
    • 978-83-7476-811-5 Find
300 -Strefa opisu fizycznego [ , ]
    • a
    • Określenie formy książki i/lub objętość (NP)
    • 1 płyta CD (1 godz. 20 min) :
    • b
    • Oznaczenie ilustracji (NP)
    • digital, stereo ;
    • c
    • Format (NP)
    • 12 cm +
    • e
    • Oznaczenie dokumentu towarzyszącego (NP)
    • Pomocnik dla słuchających : 32 s ; 19 cm.
336 -Typ zawartości [ , ]
    • a
    • Termin opisujący typ zawartości
    • Słowo mówione
    • b
    • Kod określający zawartość
    • spw
    • 2
    • Źródło (termin i kod)
    • rdacontent
337 -Typ mediów [ , ]
    • a
    • Tryb odtwarzania
    • Audio
    • b
    • Kod typu mediów
    • s
    • 2
    • Źródło (termin i kod)
    • rdamedia
338 -Typ/rodzaj nośnika [ , ]
    • a
    • Hasło opisujące typ nośnika
    • Płyta audio
    • b
    • Kod typu nośnika
    • sd
    • 2
    • Źródło (termin i kod)
    • rdacarrier
490 -Strefa serii i Książki wielotomowej - forma nie do wyszukiwania [1, ]
    • a
    • Tytuł (P)
    • Berlitz : świat języków i podróży
830 -Hasło dodatkowe serii i opisu książki wielotomowej - tytuł ujednolicony/tytuł [ ,0]
    • a
    • Tytuł ujednolicony/tytuł (NP)
    • Berlitz (Warszawa)
    • 9
    • KHW
    • 46759
710 -Hasło dodatkowe - nazwa ciała zbiorowego [2, ]
    • a
    • Nazwa ciała zbiorowego lub nazwa geograficzna jako pierwszy element (NP)
    • Langenscheidt Polska.
    • 4
    • Określenie rodzaju współpracy (NP)
    • pbl
    • 9
    • KHW
    • 50561
080 -Uniwersalna Klasyfikacja Dziesiętna [ , ]
    • 2
    • Identyfikator wydania tablic
    • UDC-P058
    • 9
    • UKD
    • 6448
    • a
    • Symbol klasyfikacji
    • 811.112.2
    • b
    • Dopowiedzenie
    • Język niemiecki.
    • 4
    • UKD2
    • 9118
    • x
    • Poddział wspólny
    • (078)
    • c
    • Dopowiedzenie poddziału wspólnego
    • (Dokumenty przeznaczone do nauczania. Rozmówki).
980 -Symbol UKD [ , ]
    • a
    • UKD
    • 811.112.2(078)
500 -Uwaga ogólna [ , ]
    • a
    • Uwaga ogólna (NP)
    • Tyt. z etykiety dysku.
521 -Uwaga dotycząca przeznaczenia czytelniczego [8, ]
    • a
    • Pełny tekst uwagi
    • Dla początkujących i średnio zaawansowanych.
538 -Wymagania techniczne [ , ]
    • a
    • Tekst uwagi
    • Format mp3.
650 -Hasło przedmiotowe [ ,7]
    • a
    • Hasło przedmiotowe
    • Język niemiecki
    • x
    • Określnik rzeczowy
    • słownictwo.
    • 9
    • KHW
    • 113295
650 -Hasło przedmiotowe [ ,7]
    • a
    • Hasło przedmiotowe
    • Język niemiecki
    • v
    • Określnik formalny
    • rozmówki polskie.
    • 9
    • KHW
    • 349945
650 -Hasło przedmiotowe [ ,7]
    • a
    • Hasło przedmiotowe
    • Język polski
    • v
    • Określnik formalny
    • rozmówki niemieckie.
    • 9
    • KHW
    • 349946
Sygnatura Data wprowadzenia opisu Kod kreskowy Status udost. Akcesja Sposób nabycia Kierowanie Data inwentaryzacji Numer inwentarzowy
Germ. Nauka jęz.-słownictwo 022012-10-162005200071827-211k212a/18kBM2012-10-16BC.7182